00726cam a22002177a 4500003000500000005001700005008004100022010001000063011001000073035001000083040000900093082002000102110001100122245013300133260002700266300001100293490005900304650003900363650004700402830005900449CHAP20220817042500.0971013s1975 r 00010 d a45961 a46933 a51074 cCHAP a338.9bU57 1975 aUNESCO13aLa política científica en América Latinab: cuarta reunión de la conferencia permanente de dirigentes de los consejos... aParis :bUNESCO,c1975 a438 p. 0aEstudios y documentos de política científicav; 3714aInvestigaciónxAmérica Latina.14aPolítica científicaxAmérica Latina.0 aEstudios y documentos de política científicav; 37